| 000 | 00807nam a2200253 a 4500 | ||
|---|---|---|---|
| 001 | BRCA_5108 | ||
| 005 | 20190320204937.0 | ||
| 008 | 181110s1950----fr-a######---#000-0#fre-# | ||
| 041 | _afre | ||
| 044 | _afr | ||
| 050 | 4 |
_aNA5551.Ch3 _b.Ch37 1950 |
|
| 245 | 1 | 0 |
_aChartres _bun des Hauts Lieux de la Chrétienté _cphotographies et héliogravure de M. Lescuyer & Fils. |
| 260 |
_a[Lyon, Francia] _b[Lescuyer] _c[1950] |
||
| 300 |
_a17 p. _bil. _c19 cm. |
||
| 500 | _aIncluye índice de ilustraciones | ||
| 500 | _aCuenta con una hoja suelta con texto en inglés | ||
| 500 | _aE9 | ||
| 650 | 1 | 4 |
_aArquitectura religiosa _94011 |
| 650 | 1 | 4 |
_aCatedrales _97862 |
| 651 | 4 |
_aChartres, Francia _xCatedral de Notre-Dame _913027 |
|
| 700 | 1 |
_aLescuyer, M. _eIlustrador _913028 |
|
| 902 | _aGFM | ||
| 942 |
_2lcc _cB |
||
| 999 |
_c4802 _d4802 |
||